Mirarán al que traspasaron: Evangelio de San Juan
Saved in:
| Corporate Author: | |
|---|---|
| Format: | Book |
| Language: | Spanish |
| Published: |
Buenos Aires
Claretiana
2006
|
| Edition: | 1a. ed |
| Series: | Palabra Misión, 8
|
| Subjects: | |
| Tags: |
Add Tag
No Tags, Be the first to tag this record!
|
MARC
| LEADER | 00000nam a2200000 a 4500 | ||
|---|---|---|---|
| 001 | UCH3252 | ||
| 003 | CL-VaPUC | ||
| 008 | 090723e20060000AG |||||||||||||||||spa|d | ||
| 020 | |a 9505125704 | ||
| 082 | 0 | 4 | |a 248 |b EQU |2 21 |
| 110 | 2 | |a Equipo Bíblico Claretiano |e author |9 538551 | |
| 245 | 1 | 0 | |a Mirarán al que traspasaron: Evangelio de San Juan |
| 250 | |a 1a. ed | ||
| 300 | |a 205 p | ||
| 942 | |c BK | ||
| 945 | |d 20090723 00:00:00 |a rbrito | ||
| 260 | |a Buenos Aires |b Claretiana |c 2006 | ||
| 650 | 0 | |a Biblia |9 257603 | |
| 650 | 0 | |a Evangelio de San Juan |9 536353 | |
| 650 | 0 | |a Espiritualidad |9 267331 | |
| 583 | |a last modification |c 20090723 00:00:00 |k Rodrigo Vera | ||
| 490 | 0 | |a Palabra Misión, 8 | |
| 999 | |c 334869 |d 334867 | ||
| 952 | |0 0 |1 0 |4 0 |6 248_000000000000000_EQU_2006 |7 0 |8 A |9 424128 |a BIBTEO |b BIBTEO |d 2019-11-22 |i 4574478 |o 248 EQU 2006 |p 4574478 |r 2025-01-17 |w 2019-11-22 |y BK |k ICR | ||